| 000 | 00706nam a2200181 a 4500 | ||
|---|---|---|---|
| 001 | 1183 | ||
| 003 | CDMR | ||
| 005 | 20131014135523.0 | ||
| 008 | 130130s1988|||||||m||||||||||||||||spa|d | ||
| 040 |
_aCDMR _bcat _cCDMR |
||
| 245 |
_aCuadernos para el diálogo _b: las raíces de la democracia : 1963-1988, 25 aniversario |
||
| 260 |
_aMadrid _bAsociación de la Prensa de Madrid _c1988 |
||
| 300 |
_a106 p. _bil. _c31 cm |
||
| 500 | _aNúmero especial d'homenatge a la Revista "Cuadernos para el diálogo" amb motiu del 25è aniversari de la publicació del seu primer número (octubre 1963) | ||
| 610 | 2 |
_94053 _aCuadernos para el Diálogo |
|
| 710 | 2 |
_987 _aAsociación de la Prensa de Madrid |
|
| 942 |
_cMON _2udc |
||
| 999 |
_c1183 _d1183 |
||